000 00608nam a2200193Ia 4500
003 GCL
008 140319s9999 xx 000 0 ara d
040 _aGCL /
_cGCL
082 0 4 _a243
_bم ت
100 1 _aمحمود السيد حسن
245 1 0 _aتاملات فى عالم الجن واسراره: من وحى القران الكريم /
_cمحمود السيد حسن
260 _a[S.N] :
_bالمكتب الجامعى الحديث ،
_c1990
300 _a157 ص
490 _a
650 0 4 _aالشياطين والجان
650 0 4 _aالسمعيات
650 0 4 _aالجن
942 _2ddc
_cBK
999 _c31685
_d31685